Ley de Ingresos y Presupuesto de Egresos del Erario Federal. (Record no. 7880)

MARC details
000 -CABECERA
campo de control de longitud fija 01207nam a2200253 a 4500
001 - NÚMERO DE CONTROL
campo de control BRCA_8212
005 - FECHA Y HORA DE LA ÚLTIMA TRANSACCIÓN
campo de control 20190320210159.0
008 - DATOS DE LONGITUD FIJA--INFORMACIÓN GENERAL
campo de control de longitud fija 160514d19101914mx-####f##---#001-0#spa-#
041 ## - CÓDIGO DE LENGUA
Código de lengua del texto/banda sonora o título independiente spa
044 ## - CÓDIGO DEL PAÍS DE LA ENTIDAD EDITORA/PRODUCTORA
Código MARC del país mx
050 #4 - SIGNATURA TOPOGRÁFICA DE LA BIBLIOTECA DEL CONGRESO
Número de clasificación KGF7500
Número de documento/Ítem .L4
-- 1914
245 10 - MENCIÓN DE TÍTULO
Título Ley de Ingresos y Presupuesto de Egresos del Erario Federal.
260 ## - PUBLICACIÓN, DISTRIBUCIÓN, ETC.
Lugar de publicación, distribución, etc. México
Nombre del editor, distribuidor, etc. Palacio Nacional
Fecha de publicación, distribución, etc. 1910-1914
300 ## - DESCRIPCIÓN FÍSICA
Extensión 4 v.
Otras características físicas Tablas
Dimensiones 30 cm.
500 ## - NOTA GENERAL
Nota general Cuatro volúmenes inventariados como un sólo libro por el Banco de México
500 ## - NOTA GENERAL
Nota general U119
505 0# - NOTA DE CONTENIDO CON FORMATO
Nota de contenido con formato V.1 para el año fiscal que comienza el 1º de julio de 1910 y termina el 30 de junio de 1911.-- V.2 para el año fiscal que comienza el 1º de julio de 1911 y termina el 30 de junio de 1912.-- V.3 para el año fiscal que comienza el 1º de julio de 1912 y termina el 30 de junio de 1913.-- V.4 para el año fiscal que comienza el 1º de julio de 1913 y termina el 30 de junio de 1914.
650 14 - PUNTO DE ACCESO ADICIONAL DE MATERIA--TÉRMINO DE MATERIA
Término de materia o nombre geográfico como elemento de entrada Ley de presupuestos
Subdivisión geográfica México
9 (RLIN) 20470
650 14 - PUNTO DE ACCESO ADICIONAL DE MATERIA--TÉRMINO DE MATERIA
Término de materia o nombre geográfico como elemento de entrada Ley financiera
Subdivisión geográfica México
9 (RLIN) 20471
650 14 - PUNTO DE ACCESO ADICIONAL DE MATERIA--TÉRMINO DE MATERIA
Término de materia o nombre geográfico como elemento de entrada Finanzas y economía
Subdivisión cronológica 1910-1914
Subdivisión geográfica México
9 (RLIN) 20472
710 2# - PUNTO DE ACCESO ADICIONAL--NOMBRE DE ENTIDAD CORPORATIVA
Nombre de entidad corporativa o nombre de jurisdicción como elemento de entrada Palacio Nacional de Gobierno (Ciudad de México)
Fecha de publicación/de la obra 1910-1914
Término indicativo de función/relación ed.
9 (RLIN) 20473
902 ## - CATALOGADOR
Iniciales GFM
942 ## - ELEMENTOS DE PUNTO DE ACCESO ADICIONAL (KOHA)
Fuente del sistema de clasificación o colocación Library of Congress Classification
Tipo de ítem Koha Libros
Holdings
Estado de retiro Estado de pérdida Estado dañado No para préstamo Localización permanente Ubicación/localización actual Fecha de adquisición Número de inventario Total de préstamos Signatura topográfica completa Código de barras Fecha visto por última vez Precio válido a partir de Tipo de ítem Koha
El ejemplar forma parte de la colección y puede ser consultado según las políticas vigentes.       Biblioteca del Museo Franz Mayer (Rogerio Casas-Alatriste) Biblioteca del Museo Franz Mayer (Rogerio Casas-Alatriste) 16/05/2014 U119   KGF7500 .L4 1914 (U119) 8836 22/03/2019 22/03/2019 Libros